Técnicas generales y experimentacion bacteriologica

Na minha lista:
Detalhes bibliográficos
Autor principal: Verna, Luis (Autor)
Formato: Livro
Idioma:espanhol
Publicado em: Buenos Aires El Ateneo 1945
Assuntos:
Tags: Adicionar Tag
Sem tags, seja o primeiro a adicionar uma tag!

MARC

LEADER 00000nam a2200000 a 4500
001 UCR5305
003 CL-VaPUC
008 980327e19451006AG |||||||||||||||||spa|d
082 0 4 |a 589.9  |b VER  |2 21 
100 0 |a Verna, Luis  |e author  |9 406046 
245 1 0 |a Técnicas generales y experimentacion bacteriologica 
300 |a 657 p 
942 |c BK 
945 |d 19980327 00:00:00  |a crobeson 
260 |a Buenos Aires  |b El Ateneo  |c 1945 
650 0 |a Bacteriología  |9 259330 
650 0 |a Bacterias  |9 298237 
650 0 |a Microbiología   |9 259706 
650 0 |a Microscopía  |9 406002 
650 0 |a Microorganismos  |9 264259 
583 |a last modification  |c 19980327 00:00:00  |k Rodrigo Vera 
999 |c 267920  |d 267918 
952 |0 0  |1 0  |4 0  |6 589_900000000000000_VER_1945  |7 0  |8 A  |9 300754  |a BIBALI  |b BIBALI  |c GEN  |d 2019-11-20  |i 196996K  |o 589.9 VER 1945  |p 196996K  |r 2025-01-20  |w 2019-11-20  |y BK  |k ALI